书目信息 |
| 题名: |
如何提高四.六级作文应试能力
|
|
| 作者: | 王福林 编著 | |
| 分册: | ||
| 出版信息: | 合肥 中国科学技术大学出版社 1991.03 |
|
| 页数: | 198页 | |
| 开本: | 32开 | |
| 丛书名: | ||
| 单 册: | ||
| 中图分类: | H315 | |
| 科图分类: | ||
| 主题词: | 英语 | |
| 电子资源: | ||
| ISBN: | 7-312-00189-0 | |
| 000 | 00583nam0 2200193 45 | |
| 001 | 0009061020 | |
| 005 | 20000906104606.1 | |
| 010 | @a7-312-00189-0@d5.50元 | |
| 100 | @a20000906d1991 km y0chiy0120 ea | |
| 101 | 0 | @achi |
| 105 | @a z 000yy | |
| 200 | 1 | @a如何提高四.六级作文应试能力@ARu He Ti Gao Si.Liu Ji Zuo Wen Ying Shi Neng Li@f王福林编著@FWang Fu Lin Bian Zhu |
| 210 | @a合肥@c中国科学技术大学出版社@d1991.03 | |
| 215 | @a198页@d32开 | |
| 606 | 0 | @a英语 |
| 690 | @aH315@v3 | |
| 701 | 0 | @a王福林@4编著 |
| 801 | @aCN@bPftUser@c20000906 | |
| 905 | @b122065-074@dH315@eW448@f10 | |
| 如何提高四.六级作文应试能力/王福林编著.-合肥:中国科学技术大学出版社,1991.03 |
| 198页;32开 |
| ISBN 7-312-00189-0:5.50元 |
| ● |
| 相关链接 |
|
|
|
正题名:如何提高四·六级作文应试能力
索取号:H315/W448
 
预约/预借
| 序号 | 登录号 | 条形码 | 馆藏地/架位号 | 状态 | 备注 |
| 1 | 122065 | 201220650 | 语言库209/209语言库 38排2列1层/ [索取号:H315/W448] | 在馆 | |
| 2 | 122066 | 201220669 | 语言库209/ [索取号:H315/W448] | 在馆 | |
| 3 | 122067 | 201220678 | 自科二线504/504自科库 45排3列3层/ [索取号:H315/W448] | 在馆 | |
| 4 | 122068 | 201220687 | 语言库209/209语言库 38排2列1层/ [索取号:H315/W448] | 在馆 | |
| 5 | 122069 | 201220696 | 语言库209/209语言库 38排2列1层/ [索取号:H315/W448] | 在馆 | |
| 6 | 122070 | 201220703 | 社科二线400B/400B社科库 8排2列4层/ [索取号:H315/W448] | 在馆 | |
| 7 | 122071 | 201220712 | 语言库209/209语言库 38排2列1层/ [索取号:H315/W448] | 在馆 | |
| 8 | 122072 | 201220721 | 语言库209/209语言库 38排2列1层/ [索取号:H315/W448] | 在馆 | |
| 9 | 122073 | 201220730 | 语言库209/209语言库 38排2列1层/ [索取号:H315/W448] | 在馆 | |
| 10 | 122074 | 201220749 | 语言库209/209语言库 38排2列1层/ [索取号:H315/W448] | 在馆 |